Bordering countries quiz #3 - Statistics

General Stats
  • This quiz has been taken 13 times
  • The average score is 11 of 15
Answer Stats
Start In Country Travel % Correct
Chile Peru North
100%
Nicaragua Costa Rica South
90%
Bulgaria Romania North
90%
Myanmar Thailand East
90%
Zambia Zimbabwe South
90%
Paraguay Bolivia North
80%
Croatia Bosnia and Herzegovina South
80%
Liberia Guinea North
80%
Kyrgyzstan Kazakhstan North
70%
Kenya Somalia East
70%
Guyana Venezuela East
70%
Malawi Zambia West
70%
Zambia DRC North
60%
Palau Indonesia South
30%
Belize Guatamala West
20%
No matching quizzes found
Score Distribution
Percent of People with Each Score
Percentile by Number Answered
Your Score History
You have not taken this quiz